Hardest Hunger Games Quiz You Will Ever Take - Statistics

General Stats
  • This quiz has been taken 368 times
  • The average score is 5 of 15
Answer Stats
Hint Answer % Correct
How many arrows did Katniss allow herself to use to blow up the Careers' food? Three
89%
What color was the bag containing the medicine for Peeta at the feast? Orange
82%
How many siblings did Rue have? Five
62%
Does the arena outfit for the Quarter Quell zipper up the front or the back? Front
59%
Which member of Katniss' prep team had gold tattoos? Venia
50%
What fruit did Katniss and Peeta throw into the forcefield of the training center and catch as a game? Apple
43%
What color is the sofa Katniss wants to lie down on after her fake death? Green
43%
What insect was crawling up the honeysuckle bush when Katniss woke up after all her tracker-jacker hallucinations? A beetle
37%
What food couldn't Octavia get for a party because of "bad weather," even though we all know it was an uprising? Shrimp
26%
What was the Capitol citizen that Katniss killed eating? A hotdog
15%
What type of animal fur are the earmuffs Katniss has to wear made of? Ermine
14%
Where did Katniss get stung by the tracker-jackers? (Separated by commas, try different combinations) Knee, cheek, neck
13%
What is a tree rat's meat similar to? Squirrel Meat
8%
Which soup does Katniss encounter in the Capitol that causes her to break her resolve of taking no more than one bite of each dish? Creamy Pumpkin Brew
4%
What room number are the Hawthornes in during the bombing in 13? Fourty-seven
4%
No matching quizzes found
Score Distribution
Percent of People with Each Score
Percentile by Number Answered
Your Score History
You have not taken this quiz